[Event "Hamburg St Pauli op-B"]
[Site "Hamburg"]
[Date "2014.07.25"]
[Round "7"]
[White "Neuendorf, Max"]
[Black "Koch, Ralf Johannes"]
[Result "1-0"]
[WhiteElo "1848"]
[BlackElo "1764"]
[PlyCount "45"]
[EventDate "2014.07.19"]
[EventType "swiss"]
[EventRounds "9"]
[EventCountry "GER"]
[SourceTitle "CBM 161 Extra"]
[Source "ChessBase"]
[SourceDate "2014.08.29"]
[SourceVersion "1"]
[SourceVersionDate "2014.08.29"]
[SourceQuality "1"]

1. e4 d6 2. d4 Nf6 3. Nc3 g6 4. Nf3 Bg7 5. Be2 0-0 6. 0-0 c6 7. Re1 b5 8. e5 dxe5 9. dxe5 Ng4 10. Bf4 Qb6 11. Qd4 Qxd4 12. Nxd4 a6 13. Bf3 Bd7 14. h3 Nh6 15. Ne4 Nf5 16. Nb3 Nh4 17. Be2 Be6 18. Bg5 Nf5 19. g4 h6 20. gxf5 Bxf5 21. Bxe7 Re8 22. Nf6+ Bxf6 23. exf6 1-0

[Event "Hamburg St Pauli op-B"]
[Site "Hamburg"]
[Date "2014.07.24"]
[Round "6"]
[White "Koch, Ralf Johannes"]
[Black "Krueger, Marian"]
[Result "1/2-1/2"]
[WhiteElo "1764"]
[BlackElo "1566"]
[PlyCount "129"]
[EventDate "2014.07.19"]
[EventType "swiss"]
[EventRounds "9"]
[EventCountry "GER"]
[SourceTitle "CBM 161 Extra"]
[Source "ChessBase"]
[SourceDate "2014.08.29"]
[SourceVersion "1"]
[SourceVersionDate "2014.08.29"]
[SourceQuality "1"]

1. d4 Nf6 2. Nf3 g6 3. Bf4 d6 4. Nbd2 Bg7 5. h3 0-0 6. e3 c5 7. c3 Nc6 8. Bh2 cxd4 9. cxd4 Qb6 10. Nc4 Qb4+ 11. Nfd2 b5 12. a3 Qa4 13. b3 Qa6 14. Nb2 Qb6 15. Be2 Bb7 16. 0-0 e5 17. dxe5 dxe5 18. a4 a6 19. axb5 axb5 20. Rxa8 Rxa8 21. e4 Rd8 22. Qc1 Nd4 23. Qe1 Nxe2+ 24. Qxe2 Qd4 25. Nf3 Qxe4 26. Qxb5 Qd5 27. Qc4 e4 28. Qxd5 Rxd5 29. Ne5 Rb5 30. Nbc4 Rxb3 31. Nd6 Bd5 32. Rd1 Bf8 33. Nec4 Rd3 34. Re1 Nd7 35. Ne3 f5 36. g4 Be6 37. gxf5 Bxd6 38. fxe6 Bxh2+ 39. Kxh2 Nc5 40. Ng4 Nxe6 41. Nf6+ Kg7 42. Nxe4 Nf4 43. Re3 Rxe3 44. fxe3 Nd5 45. Nf2 Nxe3 46. Kg3 Kf6 47. Kf3 Nf5 48. Ne4+ Ke5 49. Ng5 h6 50. Nf7+ Kf6 51. Nd8 Kg5 52. Nf7+ Kh4 53. Kg2 Ne3+ 54. Kh2 h5 55. Ne5 Kg5 56. Nd3 h4 57. Ne5 Nf1+ 58. Kg2 Nd2 59. Nd3 Kf5 60. Nf2 g5 61. Nd3 Ne4 62. Kh2 g4 63. hxg4+ Kxg4 64. Ne5+ Kh5 65. Nf3 1/2-1/2

[Event "Hamburg St Pauli op-B"]
[Site "Hamburg"]
[Date "2014.07.23"]
[Round "5"]
[White "Cassens, Erhard Otto"]
[Black "Koch, Ralf Johannes"]
[Result "0-1"]
[WhiteElo "1850"]
[BlackElo "1764"]
[PlyCount "100"]
[EventDate "2014.07.19"]
[EventType "swiss"]
[EventRounds "9"]
[EventCountry "GER"]
[SourceTitle "CBM 161 Extra"]
[Source "ChessBase"]
[SourceDate "2014.08.29"]
[SourceVersion "1"]
[SourceVersionDate "2014.08.29"]
[SourceQuality "1"]

1. d4 Nf6 2. e3 g6 3. Bd3 Bg7 4. b3 0-0 5. Nd2 d5 6. Bb2 Nbd7 7. f4 b6 8. Nh3 c5 9. 0-0 cxd4 10. exd4 Nb8 11. Ng5 Nc6 12. c3 Qc7 13. g3 Bg4 14. Qc2 Rac8 15. Rac1 Qd7 16. Qb1 Nd8 17. Ngf3 Bxf3 18. Nxf3 Nc6 19. Rce1 e6 20. Re2 Rfe8 21. h3 Nh5 22. Qe1 h6 23. Kg2 f5 24. c4 Nf6 25. c5 Ne4 26. cxb6 axb6 27. Bb5 Qa7 28. a4 Re7 29. Rc2 Rec7 30. Qe2 Nb4 31. Rxc7 Rxc7 32. Rc1 Rxc1 33. Bxc1 Qc7 34. Ba3 Qc3 35. Qe1 Qc2+ 36. Kg1 Nd3 37. Qf1 Nb2 38. Qe2 Qb1+ 39. Kh2 Nd1 40. Bd7 Kf7 41. g4 Ndf2 42. Ne1 Qxb3 43. Qf3 Qxf3 44. Nxf3 fxg4 45. hxg4 Nxg4+ 46. Kg1 Ne3 47. Ne5+ Bxe5 48. dxe5 g5 49. fxg5 hxg5 50. Bc1 Nc4 0-1

[Event "Hamburg St Pauli op-B"]
[Site "Hamburg"]
[Date "2014.07.20"]
[Round "3"]
[White "Meyer, Winfried"]
[Black "Koch, Ralf Johannes"]
[Result "0-1"]
[WhiteElo "1570"]
[BlackElo "1764"]
[PlyCount "62"]
[EventDate "2014.07.19"]
[EventType "swiss"]
[EventRounds "9"]
[EventCountry "GER"]
[SourceTitle "CBM 161 Extra"]
[Source "ChessBase"]
[SourceDate "2014.08.29"]
[SourceVersion "1"]
[SourceVersionDate "2014.08.29"]
[SourceQuality "1"]

1. e4 d6 2. d4 Nf6 3. Nc3 g6 4. Bd3 Bg7 5. f3 0-0 6. Be3 c6 7. Qd2 Nbd7 8. Bh6 Bxh6 9. Qxh6 Qb6 10. 0-0-0 Qxd4 11. g4 Ne5 12. Be2 Qb4 13. h4 Nexg4 14. fxg4 Nxg4 15. Bxg4 Bxg4 16. h5 gxh5 17. Rxh5 Bxh5 18. Qxh5 Qc5 19. Nd5 cxd5 20. Nf3 Qe3+ 21. Kb1 Qxe4 22. Rg1+ Kh8 23. a3 Rg8 24. Re1 Qg6 25. Qxd5 Rac8 26. Ka1 e5 27. Rg1 Qe6 28. Rxg8+ Kxg8 29. Qxb7 Rxc2 30. Kb1 Qc4 31. Qb8+ Kg7 0-1

[Event "Kiel op 25th"]
[Site "Kiel"]
[Date "2012.07.29"]
[Round "3"]
[White "Menrad, Andreas"]
[Black "Koch, Ralf Johannes"]
[Result "1/2-1/2"]
[WhiteElo "1845"]
[BlackElo "1834"]
[PlyCount "123"]
[EventDate "2012.07.28"]
[EventType "swiss"]
[EventRounds "9"]
[EventCountry "GER"]
[SourceTitle "EXT 2015"]
[Source "ChessBase"]
[SourceDate "2014.11.20"]
[SourceVersion "1"]
[SourceVersionDate "2014.11.20"]
[SourceQuality "1"]

1. e4 d6 2. d4 Nf6 3. Bd3 g6 4. f4 Bg7 5. Nf3 0-0 6. 0-0 Bg4 7. Nc3 c5 8. dxc5 dxc5 9. Be3 Qa5 10. Qe1 Bxf3 11. Rxf3 Nc6 12. Qh4 h5 13. e5 Ng4 14. Bd2 c4 15. Be4 Qc5+ 16. Kh1 Rad8 17. Be1 Nd4 18. Rg3 e6 19. h3 Nh6 20. Bf2 Qb4 21. a3 Qa5 22. Bxg6 Ndf5 23. Bxf5 Nxf5 24. Rxg7+ Nxg7 25. Qg5 f5 26. exf6 Qxg5 27. fxg5 Nf5 28. Bc5 Rf7 29. Ne4 Kh7 30. g4 hxg4 31. hxg4 Kg6 32. gxf5+ exf5 33. Be7 Rh8+ 34. Kg2 fxe4 35. Kg3 Kxg5 36. Rd1 Kf5 37. Rd5+ Ke6 38. Rc5 Rfh7 39. Kf4 Rh4+ 40. Ke3 Rh3+ 41. Kd4 R3h5 42. Rxh5 Rxh5 43. Kxe4 Rh2 44. b3 Rxc2 45. bxc4 Rxc4+ 46. Kd3 b5 47. Kd2 Rf4 48. Kc3 Kd5 49. Kb3 a5 50. Kc3 Rf3+ 51. Kd2 Kc4 52. Ke2 Rf5 53. Ke3 Kd5 54. Kd2 Ke4 55. Ke2 Rf3 56. Kd2 Rf4 57. Ke2 Rf5 58. Kd2 Kf3 59. Kd3 Rf4 60. Bd8 b4 61. axb4 axb4 62. Be7 1/2-1/2